01807nam a2200361 a 4500001001200000003000800012006001900020007001500039008004100054010001700095020004300112040002100155035002100176043001200197050002700209082002000236100004100256245013500297260006100432300002500493490004300518504005100561505028000612533015200892650006601044650005301110650004901163655002901212710001701241830004401258856012601302999001701428ebr10264152CaPaEBRm u cr cn|||||||||070627s2008 njua sb s001 0 eng  z 2007026869 z9780813542676 (hardcover : alk. paper) aCaPaEBRcCaPaEBR a(OCoLC)310963552 an-us---14aRC312.6.C4bC66 2008eb04a362.196/9952221 aConnolly, Cynthia A.q(Cynthia Anne)10aSaving sickly childrenh[electronic resource] :bthe tuberculosis preventorium in American life, 1909-1970 /cCynthia A. Connolly. aNew Brunswick, N.J. :bRutgers University Press,cc2008. axiii, 182 p. :bill.1 aCritical issues in health and medicine aIncludes bibliographical references and index.0 aChild-saving in the United States -- Tuberculosis: a children's disease -- Founding the preventorium -- The preventorium goes nationwide -- Science and the preventorium -- Tuberculosis in the "world of tomorrow" -- Conclusion: saving children, yesterday, today, and tomorrow. aElectronic reproduction.bPalo Alto, Calif. :cebrary,d2013.nAvailable via World Wide Web.nAccess may be limited to ebrary affiliated libraries. 0aTuberculosis in childrenzUnited StatesxPreventionxHistory. 0aTuberculosisxHospitalszUnited StatesxHistory. 0aChildrenxHospitalszUnited StatesxHistory. 7aElectronic books.2local2 aebrary, Inc. 0aCritical issues in health and medicine.40uhttp://site.ebrary.com/lib/rucke/Doc?id=10264152zAn electronic book accessible through the World Wide Web; click to view c28401d28401